000 00727nam a22002177a 4500
005 20241022142327.0
010 _aENG-142245
020 _a9788181523204
_c995.00
035 _aEN-125777
037 _bDBAD
082 _a320.6
100 _aPrakash, Anand
_973152
245 _aPublic Policy and System/
_cby Anand Prakash
250 _aFirst
260 _bBook Enclave
_c2013
_aJaipur
270 _mbookenclave@gmail.com
_mbookenclave@yahoo.com
_aF-11, S.S. Tower, Dhamani Streets, Chaura Rasta,
_bJaipur
_e302003
_k91-141-2311900
_l91-9414443132
300 _a288p.
_c22cm(hb)
700 _aRamasamy, Praveenkumar
_973141
700 _aShanmugasundaram, Sowmika
_973142
942 _2ddc
_cEN
_h320.6
_mPRA
999 _c206571
_d206571